Mesopotamia : (Registro nro. 7191)

Detalles MARC
000 -LEADER
fixed length control field 01069nam a2200253 4500
001 - CONTROL NUMBER
control field 0000015380
005 - DATE AND TIME OF LATEST TRANSACTION
control field 20250329172015.0
007 - PHYSICAL DESCRIPTION FIXED FIELD--GENERAL INFORMATION
fixed length control field ta
008 - FIXED-LENGTH DATA ELEMENTS--GENERAL INFORMATION
fixed length control field 160627s1994 000 0 eng d
020 ## - INTERNATIONAL STANDARD BOOK NUMBER
International Standard Book Number 847583535X
040 ## - CATALOGING SOURCE
Original cataloging agency CO-CtgCURN
Language of cataloging spa
Transcribing agency coctgcurn
082 0# - DEWEY DECIMAL CLASSIFICATION NUMBER
Classification number R913.358
Item number R61m
100 1# - MAIN ENTRY--PERSONAL NAME
Personal name Roaf, Michael.
245 10 - TITLE STATEMENT
Title Mesopotamia :
Remainder of title y el antiguo oriente medio /
Statement of responsibility, etc. Michael Roaf.
260 #1 - PUBLICATION, DISTRIBUTION, ETC.
Place of publication, distribution, etc. Madrid : :
Name of publisher, distributor, etc. Folio,,
Date of publication, distribution, etc. 1994.
300 ## - PHYSICAL DESCRIPTION
Extent 120 p.
490 1# - SERIES STATEMENT
Series statement Colección atlas cultural del mundo
500 ## - GENERAL NOTE
General note Incluye indice.
505 8# - FORMATTED CONTENTS NOTE
Formatted contents note Caracteristicas de los yacimientos.--Jerico, Chatal Huyuk.--Tell Madhhur.--Lista de reyes.--Reyes de agade.--La tercera dinastia de Ur.--Reyes de Mesopotamia y elam, hacia 2000-1600 a.c.--Mapas.--Mapa fisico de oriente medio.--Introducción de la agricultura.--Avances de los mares apartir del ultimo periodo glacial
650 14 - SUBJECT ADDED ENTRY--TOPICAL TERM
Topical term or geographic name entry element Ciudades y pueblos
General subdivision Historia
Geographic subdivision Mesopotamia.
908 ## - PUT COMMAND PARAMETER (RLIN)
Put command parameter 160627
942 ## - ADDED ENTRY ELEMENTS (KOHA)
Koha item type Diccionarios
Classification part R913.358
Item part R61m
Existencias
Withdrawn status Lost status Source of classification or shelving scheme Damaged status Not for loan Collection Home library Current library Shelving location Date acquired Inventory number Total checkouts Full call number Barcode Date last seen Copy number Price effective from Koha item type Public note
    Dewey Decimal Classification     Referencia Miguel Henríquez Castañeda Miguel Henríquez Castañeda   06/22/2017 000127   R913.358 R61m 000127 03/29/2025 ej.1 03/29/2025 Diccionarios 910-GEO&VI